000 00447nam a22001577a 4500
020 _a978-93-95338-40-0
082 _a894.812.3
_bSUD/R
100 _aMURTY, SUDHA
245 _aRANDU KOMBULLA MUNI
246 _aRANDU KOMBULLA MUNI
_bRANDU KOMBULLA MUNI
260 _aTHRISSUR
_bCURRENT BOOKS
_c2023
300 _a208
520 _aTHE SAGE WITH TWO HORNS - ORIGINAL ENGLISH TITLE
650 _aMALAYALAM CHILDRENS LITERATURE
_zKERALA
942 _cBK
999 _c7147
_d7147